| 000 | 00495nam a22001817a 4500 | ||
|---|---|---|---|
| 003 | CEME | ||
| 005 | 20210628202443.0 | ||
| 008 | 210122b xxu||||| |||| 00| 0 eng d | ||
| 020 | _a0-471-04230-7 | ||
| 040 | _c. | ||
| 082 | _a515.35 BOR | ||
| 100 |
_aBorrelli, Robert .L Coleman, Courtney .S _959964 |
||
| 245 | _aDifferential equations a modeling perspective | ||
| 260 |
_aNEW YROK _bJOHN WILEY _c1998 |
||
| 300 | _aXIII,706 P | ||
| 650 |
_aDIFFERENTIAL EQUATIONS _9688 |
||
| 942 |
_cBK _2ddc |
||
| 999 |
_c569819 _d569819 |
||